House Building: October to December quarter 2003 (Record no. 117016)
[ view plain ]
| 000 -LEADER | |
|---|---|
| fixed length control field | 01004cam a2200217 4500 |
| 001 - CONTROL NUMBER | |
| control field | WB4006-10 |
| 008 - FIXED-LENGTH DATA ELEMENTS--GENERAL INFORMATION | |
| fixed length control field | 040212n2004 000 0 eng u |
| 035 ## - SYSTEM CONTROL NUMBER | |
| System control number | (Sirsi) u125120 |
| 245 ## - TITLE STATEMENT | |
| Title | House Building: October to December quarter 2003 |
| 260 ## - PUBLICATION, DISTRIBUTION, ETC. | |
| Date of publication, distribution, etc. | 2004 |
| 490 ## - SERIES STATEMENT | |
| Series statement | ODPM News Release |
| Volume/sequential designation | (2004/0029) 12 February 2004 (3) |
| 520 ## - SUMMARY, ETC. | |
| Summary, etc. | New figures have been released on new housing starts and completions in the UK regions. The latest figures for the quarter ending December 2003 show that there were 35 700 housing starts and 42 200 completions in England. This is a 10% and 8% increase respectively on the same period last year. Figures are also given for English regions. Full details can be found at http://www.odpm.gov.uk. http://www.odpm.gov.uk/pns/DisplayPN.cgi?pn_id=200 4_0029 |
| 590 ## - LOCAL NOTE (RLIN) | |
| Local note | WB |
| 590 ## - LOCAL NOTE (RLIN) | |
| Local note | WB |
| 650 ## - SUBJECT ADDED ENTRY--TOPICAL TERM | |
| Topical term or geographic name entry element | HOUSE BUILDING |
| 650 ## - SUBJECT ADDED ENTRY--TOPICAL TERM | |
| Topical term or geographic name entry element | NEW HOMES |
| 650 ## - SUBJECT ADDED ENTRY--TOPICAL TERM | |
| Topical term or geographic name entry element | HOUSE CONSTRUCTION |
| 650 ## - SUBJECT ADDED ENTRY--TOPICAL TERM | |
| Topical term or geographic name entry element | HOUSING STATISTICS |
| 690 ## - LOCAL SUBJECT ADDED ENTRY--TOPICAL TERM (OCLC, RLIN) | |
| Topical term or geographic name as entry element | HOUSING-DEVELOPMENT |
| 942 ## - ADDED ENTRY ELEMENTS (KOHA) | |
| Suppress in OPAC | 0 |
| Withdrawn status | Lost status | Source of classification or shelving scheme | Damaged status | Not for loan | Home library | Current library | Shelving location | Date acquired | Total Checkouts | Full call number | Barcode | Date last seen | Copy number | Price effective from | Koha item type |
|---|---|---|---|---|---|---|---|---|---|---|---|---|---|---|---|
| Dewey Decimal Classification | London | London | News article | 12/02/2004 | WB4006-10 | 125120-1001 | 06/08/2019 | 1 | 06/08/2019 | News article |